[Event "German Bundesliga 2021-22"]
[Site "Germany"]
[Date "2022.04.30"]
[Round "5.3"]
[White "Thybo, Jesper Sondergaard"]
[Black "Ragger, Markus"]
[Result "1/2-1/2"]
[WhiteElo "2559"]
[BlackElo "2656"]
[Annotator "TA"]
[PlyCount "176"]
[EventDate "2022.03.05"]
[EventType "team-tourn"]
[EventCountry "GER"]
[SourceTitle "playchess.com"]
[Source "ChessBase"]
[SourceQuality "1"]
[TimeControl "40/5400+30:1800+30"]

{[%evp 35,176,26,32,34,25,33,33,20,18,7,61,66,65,54,62,62,64,60,71,16,19,20,78,66,143,151,110,43,49,58,266,261,221,221,473,434,460,464,445,430,436,0,355,352,452,431,400,367,356,320,258,178,148,160,191,167,222,210,241,213,250,221,241,237,203,190,193,79,80,76,80,83,83,69,81,0,0,0,0,0,0,0,0,0,0,0,0,0,0,0,0,0,0,0,0,0,0,0,0,0,0,0,0,0,0,0,0,0,0,0,0,0,0,0,0,0,0,0,0,0,0,0,0,0,0,0,0,0,0,0,0,0,0,0,0,0,0,0,0,0,0,0,0]} 1. d4 {[%emt 0:00:00]} Nf6 {[%emt 0:00:00]} 2. c4 {[%emt 0:00:00]} g6 {[%emt 0:00:00]} 3. Nc3 {[%emt 0:00:00]} d5 {[%emt 0:00:00]} 4. Nf3 {[%emt 0:00:00]} Bg7 {[%emt 0:00:00]} 5. Bg5 {[%emt 0:00:00]} Ne4 {[%emt 0:00:00]} 6. Bf4 {[%emt 0:00:00]} O-O {[%emt 0:00:00]} 7. e3 {[%emt 0:00:00]} c5 {[%emt 0:00:00]} 8. cxd5 {[%emt 0:00:00]} Bf5 {[%emt 0:00:00]} 9. Bd3 {[%emt 0:17:39]} Nxc3 {[%emt 0:00:00]} 10. bxc3 {[%emt 0:02:38]} Qxd5 {[%emt 0:00:00]} 11. O-O {[%emt 0:01:56]} Nc6 {[%emt 0:00:00]} 12. Bxf5 {[%emt 0:17:46]} Qxf5 {[%emt 0:07:21]} 13. Qb1 {[%emt 0:00:33]} b6 {[%emt 0:05:56]} 14. Qxf5 {[%emt 0:05:08]} gxf5 {[%emt 0:01:47]} 15. Rab1 {[%emt 0:00:08]} cxd4 {[%emt 0:10:20]} 16. Nxd4 {[%emt 0:07:07]} Rfc8 {[%emt 0:09:05]} 17. Nxf5 {[%emt 0:06:11]} Bxc3 {[%emt 0:11:17]} 18. Rfc1 {[%emt 0:01:59]} Bf6 {[%emt 0:00:36]} 19. g4 {[%emt 0:00:38]} Kf8 $1 {[%emt 0:02:39]} 20. g5 {[%emt 0:02:28]} Bh8 {[%emt 0:03:51]} 21. Rc2 {[%emt 0:03:55]} Nd8 {[%emt 0:06:15]} 22. Rd2 {[%emt 0:09:03]} e5 {[%emt 0:06:18]} (22... Ne6 $11) 23. Bg3 $14 {[%emt 0:00:39]} Ne6 {[%emt 0:00:37]} 24. h4 {[%emt 0:02:24]} Rd8 {[%emt 0:03:24]} 25. Rbd1 {[%emt 0:07:07]} Rxd2 {[%emt 0:01:11]} 26. Rxd2 {[%emt 0:00:04]} Rd8 {[%emt 0:00:21]} 27. Rxd8+ {[%emt 0:03:42]} (27. Rd6 $16) 27... Nxd8 $11 {[%emt 0:00:03]} 28. Kg2 {[%emt 0:00:38]} Ke8 {[%emt 0:12:12]} (28... Nc6 $11 {keeps the balance.}) 29. Kf3 $16 {[%emt 0:02:06]} Kd7 {[%emt 0:00:18]} ({Black should play} 29... Nc6 $14) 30. Kg4 $1 $16 {[%emt 0:01:52]} f6 {[%emt 0:06:09]} 31. e4 {[%emt 0:01:44]} (31. f3 $16) 31... fxg5 $1 $14 {[%emt 0:00:51]} 32. hxg5 {[%emt 0:00:04]} Nf7 $2 {[%emt 0:01:02]} (32... a5 $14) 33. f3 $18 {[%emt 0:01:23]} Kc6 {[%emt 0:00:50]} 34. Kh5 {[%emt 0:01:47]} b5 $2 {[%emt 0:00:05]} (34... Kd7 35. Bf2 Ke6) 35. Be1 $18 {[%emt 0:02:24]} Kd7 {[%emt 0:02:24]} 36. Bb4 {[%emt 0:03:12]} Ke6 {[%emt 0:00:07]} 37. Ba5 {[%emt 0:00:37]} Kd7 {[%emt 0:00:32]} 38. Bb4 {[%emt 0:01:23]} Ke6 {[%emt 0:00:01]} 39. Bc5 {[%emt 0:00:50]} a6 {[%emt 0:00:21]} 40. Bb4 {[%emt 0:00:24]} Kd7 {[%emt 0:00:07]} 41. Ba5 {[%emt 0:06:46]} Ke6 {[%emt 0:00:00]} 42. Bb6 {[%emt 0:02:22]} Kd7 {[%emt 0:00:00]} 43. Nh6 {[%emt 0:01:53]} Nd6 {[%emt 0:00:00]} 44. Bc5 {[%emt 0:00:25]} Nb7 {[%emt 0:00:00]} 45. Ba3 {[%emt 0:00:16]} Nd8 {[%emt 0:00:00]} (45... a5 $142 46. Ng4 Nd8) 46. Bb2 $18 {[%emt 0:01:34]} b4 {[%emt 0:00:00] [#]} 47. f4 $1 {[%emt 0:08:32]} a5 {[%emt 0:00:00]} 48. f5 {[%emt 0:01:05]} (48. Bxe5 $2 Bxe5 49. fxe5 a4 $19) (48. fxe5 Ke6 $11) 48... a4 {[%emt 0:00:00]} 49. Ng4 {[%emt 0:02:15]} Nf7 {[%emt 0:01:13]} (49... b3 $2 50. axb3 a3 51. Bxa3 $18) 50. g6 {[%emt 0:03:56]} hxg6+ {[%emt 0:00:02]} 51. fxg6 {[%emt 0:00:04]} (51. Kxg6 $18 {and the rest is easy.} Nd6 52. Kh7 (52. Bxe5 Bxe5 53. Nxe5+ Ke8 $16)) 51... Nd6 $16 {[%emt 0:00:10]} 52. Bxe5 {[%emt 0:00:30]} Bxe5 {[%emt 0:01:42]} 53. Nxe5+ {[%emt 0:00:01]} Kc7 {[%emt 0:00:06]} 54. Nd3 {[%emt 0:04:19]} ({Of course not} 54. g7 $6 Ne8 55. Kg6 Nxg7 $11) 54... b3 {[%emt 0:00:11] [#]} 55. axb3 {[%emt 0:00:30]} ({Better is} 55. a3 $1 $16 Nxe4 56. Nb2) 55... a3 $11 {[%emt 0:01:11]} 56. Nb4 {[%emt 0:01:06]} Nxe4 {[%emt 0:01:10]} 57. g7 {[%emt 0:00:14]} Nf6+ {[%emt 0:00:02]} 58. Kg6 {[%emt 0:00:13]} Ng8 {[%emt 0:00:03]} 59. Kf7 {[%emt 0:01:17]} Nh6+ {[%emt 0:00:04]} 60. Kg6 {[%emt 0:00:03]} Ng8 {[%emt 0:00:05]} 61. Kf7 {[%emt 0:00:39]} Nh6+ {[%emt 0:00:02]} 62. Ke6 {[%emt 0:00:07]} Ng8 {[%emt 0:06:45]} 63. Nd5+ {[%emt 0:02:06]} Kc6 $1 {[%emt 0:03:58]} 64. Nc3 {[%emt 0:00:01]} Kc5 {[%emt 0:02:21]} 65. Na2 {[%emt 0:00:04]} Nh6 {[%emt 0:05:26]} 66. Kd7 {[%emt 0:00:35]} Kb6 {[%emt 0:01:11]} 67. b4 {[%emt 0:00:32]} Kb5 {[%emt 0:00:10]} 68. Kc7 {[%emt 0:00:47]} Ng8 $1 {[%emt 0:01:03]} 69. Kd6 {[%emt 0:00:32]} Nh6 {[%emt 0:00:16]} 70. Ke6 {[%emt 0:02:08]} Kc4 {[%emt 0:01:37]} 71. Ke5 {[%emt 0:00:43]} Kb5 {[%emt 0:01:56]} 72. Ke4 {[%emt 0:00:45]} Kc4 {[%emt 0:00:14]} 73. Kf4 {[%emt 0:00:20]} Kb5 {[%emt 0:01:21]} 74. Kg5 {[%emt 0:00:44]} Ng8 {[%emt 0:00:05]} 75. Kg6 {[%emt 0:00:25]} Kc4 {[%emt 0:00:57]} 76. Kf7 {[%emt 0:00:31]} Nh6+ {[%emt 0:00:02]} 77. Ke6 {[%emt 0:00:18]} Kb5 {[%emt 0:00:58]} 78. Kd7 {[%emt 0:00:42]} Ng8 $1 {[%emt 0:00:19]} 79. Kd6 {[%emt 0:00:32]} Nh6 {[%emt 0:00:09]} 80. Ke5 {[%emt 0:00:34]} Kc4 {[%emt 0:01:32]} 81. Ke6 {[%emt 0:00:28]} Kb5 {[%emt 0:00:34]} 82. Kd5 {[%emt 0:00:31]} Nf5 $1 {[%emt 0:01:01]} 83. g8=N {[%emt 0:00:09]} Ne3+ {[%emt 0:00:22]} 84. Kd4 {[%emt 0:00:23]} Nc2+ {[%emt 0:00:11]} 85. Kc3 {[%emt 0:00:06]} Nxb4 {[%emt 0:00:06]} 86. Nxb4 {[%emt 0:00:05]} a2 {[%emt 0:00:04]} 87. Nxa2 {[%emt 0:00:19]} Kc5 {[%emt 0:00:08]} 88. Nf6 {[%emt 0:00:29]} Kd6 {[%emt 0:00:06]} 1/2-1/2

[Event "German Bundesliga 2021-22"]
[Site "Germany"]
[Date "2022.04.30"]
[Round "5.3"]
[White "Rozentalis, Eduardas"]
[Black "Johansson, Linus"]
[Result "1-0"]
[WhiteElo "2542"]
[BlackElo "2473"]
[Annotator "TA"]
[PlyCount "75"]
[EventDate "2022.03.05"]
[EventType "team-tourn"]
[EventCountry "GER"]
[SourceTitle "playchess.com"]
[Source "ChessBase"]
[SourceQuality "1"]
[TimeControl "40/5400+30:1800+30"]

{[%evp 18,75,0,0,0,0,0,0,0,0,31,13,113,87,89,104,185,178,303,305,381,364,347,242,273,245,251,251,243,251,250,250,247,250,235,232,309,302,451,445,429,387,629,628,628,620,596,577,577,572,569,568,914,860,29984,29985,29996,29997,29997,29998]} 1. e4 {[%emt 0:00:00]} e6 {[%emt 0:00:00]} 2. d4 {[%emt 0:00:00]} d5 {[%emt 0:00:00]} 3. Nd2 {[%emt 0:00:00]} c5 {[%emt 0:00:00]} 4. Ngf3 {[%emt 0:00:00]} cxd4 {[%emt 0:00:00]} 5. Nxd4 {[%emt 0:00:00]} Nc6 {[%emt 0:00:00]} 6. Nxc6 {[%emt 0:00:00]} bxc6 {[%emt 0:00:00]} 7. Bd3 {[%emt 0:00:00]} Nf6 {[%emt 0:00:00][%cal Bg8f6,Bf6d7,Bd7c5][%mdl 32]} 8. O-O {[%emt 0:03:47]} Be7 {[%emt 0:03:01]} 9. e5 {[%emt 0:06:19]} Nd7 {[%emt 0:00:29]} 10. Nf3 {[%emt 0:00:05]} Qc7 {[%emt 0:10:40] B40: Sicilian: 2...e6, Unusual lines.} 11. Re1 {[%emt 0:01:13] [#]} Nc5 $146 {[%emt 0:04:34]} ({Predecessor:} 11... c5 12. c3 Rb8 13. Qc2 h6 14. Bd2 g5 15. h3 c4 16. Bf1 Qb6 17. b4 cxb3 18. axb3 {1-0 (40) Plotnikov,V-Herdocia,F Los Angeles 1995}) 12. Be3 {[%emt 0:09:36]} a5 {[%emt 0:03:48] The position is equal.} 13. Rc1 {[%emt 0:11:37]} h6 {[%emt 0:28:07]} 14. Nd4 {[%emt 0:07:42]} Ba6 {[%emt 0:28:27]} (14... Bd7 $11) 15. Bxa6 {[%emt 0:07:12]} Rxa6 {[%emt 0:00:28]} 16. c4 {[%emt 0:01:00] And now cxd5 would win.} Qd7 {[%emt 0:04:26] [#]} (16... Qb7 $16) 17. cxd5 $1 $18 {[%emt 0:07:56]} Qxd5 {[%emt 0:01:03]} (17... cxd5 {keeps fighting.} 18. Re2 O-O) 18. Qe2 {[%emt 0:00:53]} Ra8 {[%emt 0:06:07][%cal Ba6a8,Ba8d8,Bd8d5][%mdl 32]} 19. Red1 {[%emt 0:01:55][%cal Od4f5]} Rd8 {[%emt 0:01:22]} 20. b3 {[%emt 0:15:09][%cal Od4b5] Hoping for Nb5!} O-O {[%emt 0:03:40] [#]} 21. Nf5 $1 {[%emt 0:05:24][%mdl 512]} exf5 {[%emt 0:00:16]} 22. Rxd5 {[%emt 0:00:07]} Rxd5 {[%emt 0:00:04]} 23. Bxc5 {[%emt 0:02:49]} Bxc5 {[%emt 0:00:13]} 24. e6 {[%emt 0:00:31]} Re8 {[%emt 0:01:44]} 25. exf7+ {[%emt 0:03:03]} Kxf7 {[%emt 0:00:02]} 26. Qh5+ {[%emt 0:02:39]} ({Don't take} 26. Qa6 Ba3 27. Rf1 (27. Qxc6 Rc5 $17) 27... Re6) 26... g6 {[%emt 0:01:18]} 27. Qxh6 {[%emt 0:01:01]} Re2 {[%emt 0:01:50]} (27... Bf8 $142 28. Qf4 (28. Qh7+ Bg7 $18) 28... Bd6) 28. Qh7+ {[%emt 0:03:58]} Kf6 {[%emt 0:00:06][%cal Oe2c2]} 29. h4 {[%emt 0:00:20]} Rxa2 $2 {[%emt 0:02:36]} (29... Rde5 30. Qh8+ Kf7) 30. h5 {[%emt 0:04:07]} gxh5 {[%emt 0:00:08]} 31. Qh6+ {[%emt 0:00:04]} Kf7 {[%emt 0:00:09]} 32. Qxc6 {[%emt 0:00:54]} Bxf2+ {[%emt 0:00:20]} 33. Kf1 {[%emt 0:00:25]} Rad2 {[%emt 0:01:23]} 34. Qb7+ {[%emt 0:01:12]} Ke6 {[%emt 0:00:10]} 35. Rc6+ {[%emt 0:00:44]} Ke5 {[%emt 0:00:13]} 36. Qc7+ {[%emt 0:01:26] White mates.} Kd4 {[%emt 0:01:09]} 37. Qf4+ {[%emt 0:00:13]} Kd3 {[%emt 0:00:07]} 38. Qc4+ {[%emt 0:00:11] Black did not feel at home in the position after the opening.  Weighted Error Value: White=0.07 (flawless) /Black=0.64} 1-0

[Event "German Bundesliga 2021-22"]
[Site "Germany"]
[Date "2022.04.30"]
[Round "5.4"]
[White "Tari, Aryan"]
[Black "Meshkovs, Nikita"]
[Result "1-0"]
[WhiteElo "2650"]
[BlackElo "2559"]
[Annotator "TA"]
[PlyCount "73"]
[EventDate "2022.03.05"]
[EventType "team-tourn"]
[EventCountry "GER"]
[SourceTitle "playchess.com"]
[Source "ChessBase"]
[SourceQuality "1"]
[TimeControl "40/5400+30:1800+30"]

{[%evp 19,73,0,0,0,21,0,36,24,27,18,29,27,31,0,0,17,5,23,59,49,61,9,68,64,58,53,92,78,72,24,91,87,148,137,152,128,324,225,227,231,224,226,207,53,53,102,6236,5306,5389,5289,29985,29986,29986,29987,29991,29992]} 1. e4 {[%emt 0:00:00]} c5 {[%emt 0:00:00]} 2. Nf3 {[%emt 0:00:00]} Nc6 {[%emt 0:00:00]} 3. Bb5 {[%emt 0:00:00]} g6 {[%emt 0:00:00]} 4. O-O {[%emt 0:00:00]} Bg7 {[%emt 0:00:00]} 5. c3 {[%emt 0:00:00]} Nf6 {[%emt 0:00:00]} 6. Re1 {[%emt 0:00:00]} O-O {[%emt 0:00:00]} 7. d4 {[%emt 0:00:00]} cxd4 {[%emt 0:00:00]} 8. cxd4 {[%emt 0:00:00]} d5 {[%emt 0:00:00]} 9. e5 {[%emt 0:00:00]} Ne4 {[%emt 0:00:00]} 10. Bxc6 {[%emt 0:00:00]} bxc6 {[%emt 0:00:00]} 11. Be3 $1 {[%emt 0:00:00][%mdl 4] is now more promising than 11.Nbd2. B31: Sicilian: 2...Nc6 3 Bb5 g6.} Qb6 {[%emt 0:09:02]} 12. Qc1 {[%emt 0:00:00]} Rb8 {[%emt 0:20:14]} 13. b3 {[%emt 0:00:00] White is slightly better.} Qa5 {[%emt 0:00:26]} 14. Nbd2 {[%emt 0:08:06]} Bf5 {[%emt 0:17:55] [#]} 15. h3 $146 {[%emt 0:23:20]} ({Predecessor:} 15. Nxe4 Bxe4 16. Nd2 Bf5 17. Qb2 Rfc8 18. Rec1 Bf8 19. Rc3 Qa6 20. Nf3 Be4 21. Ne1 {1-0 (39) Smeets,J (2585)-Mamedov,R (2659) Wijk aan Zee 2020}) 15... Rfc8 {[%emt 0:04:09]} 16. Nxe4 {[%emt 0:04:01]} (16. g4 $5 {[%cal Rg4f5]} Be6 17. Nxe4 dxe4 18. Qd2 Qxd2 19. Nxd2 $11) 16... Bxe4 {[%emt 0:02:16]} 17. Ng5 {[%emt 0:04:02]} c5 {[%emt 0:03:52] Threatens to win with ...cxd4.} 18. Qd1 {[%emt 0:08:14]} ({Don't play} 18. Nxe4 cxd4 19. Qd2 Qxd2 20. Nxd2 dxe3 21. Rxe3 Rc2 $17) 18... c4 {[%emt 0:08:24]} 19. Nxe4 {[%emt 0:17:34]} dxe4 {[%emt 0:00:11]} 20. Bg5 {[%emt 0:02:53]} ({White should try} 20. bxc4 $14 Rxc4 21. Rb1) 20... Qd5 {[%emt 0:07:10]} (20... c3 $11) 21. Bxe7 $14 {[%emt 0:02:46]} cxb3 {[%emt 0:00:20]} 22. axb3 {[%emt 0:00:38]} Rxb3 {[%emt 0:01:29]} 23. Rxa7 {[%emt 0:03:25] And now Qg4 would win.} h5 {[%emt 0:02:04] Prevents Qg4.} 24. Ra3 {[%emt 0:06:09]} (24. Bc5 $16) 24... Rb2 {[%emt 0:04:05]} (24... Rxa3 $11 {keeps the balance.} 25. Bxa3 Rc4) 25. Bg5 $1 $16 {[%emt 0:01:58]} Rcc2 {[%emt 0:04:24] [#]} (25... Kh7 $142) 26. Rf1 $1 {[%emt 0:02:56]} Bf8 {[%emt 0:10:09]} 27. Ra1 {[%emt 0:01:59]} Qc4 $2 {[%emt 0:02:13]} (27... Bb4 $16) 28. Be3 {[%emt 0:01:47]} Kh7 {[%emt 0:00:24] [#]} 29. Rc1 $1 {[%emt 0:02:14]} Bh6 {[%emt 0:01:43]} 30. Rxc2 {[%emt 0:00:46]} Rxc2 {[%emt 0:00:01]} 31. d5 $2 {[%emt 0:03:01]} (31. Qb1 $18) 31... Bxe3 $1 $14 {[%emt 0:04:29]} 32. fxe3 {[%emt 0:00:01] KQR-KQR} Kg7 $2 {[%emt 0:00:17][%mdl 8192]} (32... Kg8 $16 33. Qd4 Qxd4 34. exd4 e3) 33. e6 $18 {[%emt 0:02:02][%cal Be5e6,Be6e7][%mdl 32] White threatens e7 and mate.} f5 {[%emt 0:01:07]} 34. d6 {[%emt 0:02:49] Threatening mate with d7.} Qa2 {[%emt 0:00:23]} 35. Qa1+ {[%emt 0:00:01] White mates.} Qxa1 {[%emt 0:00:40]} 36. Rxa1 {[%emt 0:00:02]} Rd2 {[%emt 0:00:22]} 37. e7 {[%emt 0:00:17] Weighted Error Value: White=0.26 (precise) /Black=0.42} 1-0

[Event "German Bundesliga 2021-22"]
[Site "Germany"]
[Date "2022.04.30"]
[Round "5.4"]
[White "Gustafsson, Jan"]
[Black "Tomczak, Jacek"]
[Result "1/2-1/2"]
[WhiteElo "2643"]
[BlackElo "2584"]
[Annotator "TA"]
[PlyCount "51"]
[EventDate "2022.03.05"]
[EventType "team-tourn"]
[EventCountry "GER"]
[SourceTitle "playchess.com"]
[Source "ChessBase"]
[SourceQuality "1"]
[TimeControl "40/5400+30:1800+30"]

{[%evp 23,51,15,24,17,25,28,26,15,34,35,25,31,30,34,27,38,31,20,34,33,31,0,2,0,0,0,0,0,0,0]} 1. d4 {[%emt 0:00:00]} Nf6 {[%emt 0:00:00]} 2. c4 {[%emt 0:00:00]} g6 {[%emt 0:00:00]} 3. Nc3 {[%emt 0:00:00]} d5 {[%emt 0:00:00]} 4. Nf3 {[%emt 0:00:00]} Bg7 {[%emt 0:00:00]} 5. Bg5 {[%emt 0:00:00]} Ne4 {[%emt 0:00:00]} 6. Bf4 {[%emt 0:00:00]} Nxc3 {[%emt 0:00:00]} 7. bxc3 {[%emt 0:00:00]} c5 {[%emt 0:00:00]} 8. e3 {[%emt 0:00:00]} O-O {[%emt 0:05:30]} 9. cxd5 {[%emt 0:00:00]} cxd4 {[%emt 0:00:30]} 10. cxd4 {[%emt 0:00:00]} Qxd5 {[%emt 0:00:30]} 11. Be2 {[%emt 0:00:00]} Nc6 {[%emt 0:06:30]} 12. O-O {[%emt 0:00:00]} Bf5 {[%emt 0:00:30]} 13. Qa4 {[%emt 0:00:00] D80: Grünfeld: Unusual White 4th moves and 4 Bg5.} Qa5 {[%emt 0:03:30]} 14. Qxa5 $1 {[%emt 0:00:30] 14.Qxa5 is better than 14.Qb3.} Nxa5 {[%emt 0:00:00]} 15. Nd2 {[%emt 0:00:30] White has an edge.} Rfc8 {[%emt 0:02:00]} 16. g4 {[%emt 0:02:30]} Bd7 {[%emt 0:14:30]} 17. Rfc1 {[%emt 0:25:30] Against Rc2} Rxc1+ {[%emt 0:12:30]} 18. Rxc1 {[%emt 0:00:30]} Rc8 $1 {[%emt 0:01:30]} 19. Rxc8+ {[%emt 0:01:30]} Bxc8 {[%emt 0:00:00]} 20. d5 {[%emt 0:07:30]} Bc3 {[%emt 0:15:00]} 21. Ne4 {[%emt 0:00:30]} Bb4 {[%emt 0:01:30][%cal Ob7b5] [#]} 22. Bc7 $146 {[%emt 0:05:30][%cal Oa2a3] [#] And now a3! would win.} (22. Bb8 $5 {[%cal Rb8a7]}) ({Predecessor:} 22. Bb8 f5 23. Ng3 Bc5 24. gxf5 gxf5 25. Bd3 e6 26. e4 fxe4 27. Nxe4 Bd4 28. Nd6 {1-0 (50) Sargissian,G (2689)-Ivic,V (2558) Moscow 2020}) 22... b6 {[%emt 0:06:30] The position is equal.} 23. Bb8 {[%emt 0:19:30]} Bb7 {[%emt 0:01:30]} 24. Bxa7 {[%emt 0:02:30]} Bxd5 {[%emt 0:01:30]} 25. Bf3 {[%emt 0:00:30][%cal Oe4f6]} Bxa2 {[%emt 0:01:30]} 26. Bxb6 {[%emt 0:00:30] Weighted Error Value: White=0.04 (flawless) /Black=0.03 (flawless)} 1/2-1/2

[Event "German Bundesliga 2021-22"]
[Site "Germany"]
[Date "2022.04.30"]
[Round "5.4"]
[White "Berelowitsch, Alexander"]
[Black "Hracek, Zbynek"]
[Result "1/2-1/2"]
[WhiteElo "2504"]
[BlackElo "2565"]
[Annotator "TA"]
[PlyCount "60"]
[EventDate "2022.03.05"]
[EventType "team-tourn"]
[EventCountry "GER"]
[SourceTitle "playchess.com"]
[Source "ChessBase"]
[SourceQuality "1"]
[TimeControl "40/5400+30:1800+30"]

{[%evp 15,60,7,15,3,4,0,5,5,11,0,12,5,22,0,0,0,0,0,0,0,0,0,0,0,0,0,0,0,0,0,0,0,0,0,0,0,0,0,0,0,0,0,0,0,0,0,0]} 1. e4 {[%emt 0:00:00]} c5 {[%emt 0:00:00]} 2. Nf3 {[%emt 0:00:00][%cal Bg1f3,Bf3d4,Bd4b3][%mdl 32]} d6 {[%emt 0:00:00]} 3. d4 {[%emt 0:00:00]} cxd4 {[%emt 0:00:00]} 4. Nxd4 {[%emt 0:00:00]} Nf6 {[%emt 0:00:00]} 5. Nc3 {[%emt 0:00:00]} a6 {[%emt 0:00:00]} 6. Be2 {[%emt 0:00:00]} e5 {[%emt 0:00:00]} 7. Nb3 {[%emt 0:00:00]} Be6 {[%emt 0:00:00]} 8. O-O {[%emt 0:00:00]} Be7 {[%emt 0:00:00] The position is equal.} 9. Bf3 {[%emt 0:00:00] B92: Sicilian Najdorf: 6 Be2.} Nbd7 {[%emt 0:00:51]} 10. Re1 {[%emt 0:00:40]} O-O {[%emt 0:01:50]} 11. a4 {[%emt 0:08:00]} Qb8 {[%emt 0:08:15]} 12. a5 {[%emt 0:12:31]} Rc8 {[%emt 0:11:12]} 13. Be3 {[%emt 0:05:59]} Bd8 {[%emt 0:10:59]} 14. Qd2 {[%emt 0:11:23]} b5 {[%emt 0:05:22]} 15. axb6 {[%emt 0:02:56]} Bxb6 {[%emt 0:00:48] [#]} 16. Ra3 $146 {[%emt 0:09:29]} ({Predecessor:} 16. Bxb6 Nxb6 17. Na5 Rc5 18. Nd1 d5 19. b4 Rc8 20. exd5 Bxd5 21. Bxd5 Nbxd5 22. Rb1 {1-0 (38) Zawadzka,J (2391)-Sadzikowski,D (2448) Lublin 2013}) 16... a5 {[%emt 0:14:28]} 17. Bxb6 {[%emt 0:14:11]} Nxb6 {[%emt 0:26:36]} 18. Rxa5 {[%emt 0:04:44]} ({Don't blunder} 18. Nxa5 $2 {[#]} Rxa5 $1 {[%mdl 512]} 19. Rxa5 Nc4 $19) 18... Nc4 {[%emt 0:00:16][%csl LRa5,LRb2,LRd2]} 19. Rxa8 {[%emt 0:00:06]} Qxa8 {[%emt 0:00:55]} 20. Qc1 {[%emt 0:02:00]} Qc6 {[%emt 0:00:19][%cal Oc4b2]} 21. Na2 {[%emt 0:07:42]} Qb6 {[%emt 0:05:43]} 22. Nc3 {[%emt 0:01:42]} Qb4 {[%emt 0:01:04][%cal Oc4b2]} 23. Na2 $1 {[%emt 0:00:24]} Qb6 {[%emt 0:02:09]} 24. Nc3 {[%emt 0:06:53]} g6 {[%emt 0:05:53]} 25. h3 {[%emt 0:07:24]} Kg7 {[%emt 0:00:10]} 26. Rd1 {[%emt 0:00:17]} Qb4 {[%emt 0:02:51][%cal Oc4b2]} 27. Na2 {[%emt 0:01:31]} Qa4 {[%emt 0:00:50]} 28. Nc3 {[%emt 0:00:13]} Qb4 {[%emt 0:00:03][%cal Oc4b2]} 29. Na2 {[%emt 0:02:28]} Qa4 {[%emt 0:01:04]} 30. Nc3 {[%emt 0:00:07]} Qb4 {An interesting draw.  Weighted Error Value: White=0.02 (flawless) /Black=0.01 (flawless)} 1/2-1/2